000 00695nam a22002177a 4500
003 UA-OsUOA
001 93427
007 ta
008 20130121b un ||||| |||| 00| 0 ukr d
100 _aСюндюков І.
090 _a94(477)
_bС98
942 _cSA
040 _aUA-OsUOA
_bukr
_cUA-OsUOA
_dUA-OsUOA
245 _aНаша людина в ХІІ столітті. "Феномен Мономаха": християнин, гуманіст і державник на київському (пре)столі
300 _aС.8
955 _a0
041 _aukr
080 _a94(477)
773 0 _w93425
650 7 _a9 Географія. Біографії. Історія
_2UDC
999 _c379671
_d379671